Truyện nàng Út Lót - Đạo Hồi Liêu : (Tình ca dân tộc Mường - song ngữ)

Nội dung sách giới thiệu những điều nhận biết về tác phẩm Nàng Út Lót - Đạo Hồi Liêu. Tác phẩm gồm hai phần phiên âm tiếng Mường và tiếng Việt.

שמור ב:
מידע ביבליוגרפי
פורמט: ספר
שפה:Undetermined
יצא לאור: Hà Nội Hội nhà văn 2016
נושאים:
תגים: הוספת תג
אין תגיות, היה/י הראשונ/ה לתייג את הרשומה!
Thư viện lưu trữ: Trung tâm Học liệu Trường Đại học Cần Thơ
LEADER 00925nam a2200205Ia 4500
001 CTU_226772
008 210402s9999 xx 000 0 und d
082 |a 398.209597 
082 |b Tr527 
245 0 |a Truyện nàng Út Lót - Đạo Hồi Liêu : 
245 0 |b (Tình ca dân tộc Mường - song ngữ) 
245 0 |c Cao Sơn Hải (sưu tầm, biên dịch, khảo cứu) 
260 |a Hà Nội 
260 |b Hội nhà văn 
260 |c 2016 
520 |a Nội dung sách giới thiệu những điều nhận biết về tác phẩm Nàng Út Lót - Đạo Hồi Liêu. Tác phẩm gồm hai phần phiên âm tiếng Mường và tiếng Việt. 
650 |a Văn học dân gian, người Việt,Folk literature, Vietnamese 
904 |i Nhi 
910 |b dqhieu 
980 |a Trung tâm Học liệu Trường Đại học Cần Thơ